[Event "DEM U8 2024"]
[Site "Willingen GER"]
[Date "2024.05.24"]
[Round "5"]
[White "Ranganathan, Aadith"]
[Black "Tomovski, Leon"]
[Result "1-0"]
[Termination "normal"]
[Board "1"]
[WhiteElo "1666"]
[BlackElo "1297"]
[WhiteClock "00:44:26"]
[BlackClock "00:39:42"]
[PlyCount "79"]
[WhiteFideId "34667121"]
[BlackFideId "34691790"]
[EventCountry "GER"]
[EventRounds "7"]
[EventType "swiss"]
[EventDate "2024.05.21"]

1. e4 {[%clk 01:00:27]} {[%emt 00:00:04]} c6 {[%clk 01:00:25]} {[%emt
00:00:05]} 2. d4 {[%clk 01:00:18]} {[%emt 00:00:23]} d5 {[%clk 01:00:28]}
{[%emt 00:00:12]} 3. exd5 {[%clk 01:00:24]} {[%emt 00:00:09]} cxd5 {[%clk
01:00:34]} {[%emt 00:00:10]} 4. Bd3 {[%clk 01:00:20]} {[%emt 00:00:18]} Nc6
{[%clk 01:00:43]} {[%emt 00:00:06]} 5. c3 {[%clk 01:00:28]} {[%emt 00:00:08]}
Qc7 {[%clk 01:00:53]} {[%emt 00:00:05]} 6. Nf3 {[%clk 00:59:48]} {[%emt
00:00:54]} Bg4 {[%clk 01:00:56]} {[%emt 00:00:12]} 7. h3 {[%clk 00:59:46]}
{[%emt 00:00:16]} Bh5 {[%clk 01:00:58]} {[%emt 00:00:12]} 8. Bg5 {[%clk
00:57:23]} {[%emt 00:02:40]} h6 {[%clk 01:00:45]} {[%emt 00:00:28]} 9. Bh4
{[%clk 00:57:25]} {[%emt 00:00:13]} e5 {[%clk 01:00:25]} {[%emt 00:00:35]} 10.
g4 {[%clk 00:56:43]} {[%emt 00:00:57]} e4 {[%clk 00:59:04]} {[%emt 00:01:36]}
11. gxh5 {[%clk 00:56:38]} {[%emt 00:00:19]} exd3 {[%clk 00:59:00]} {[%emt
00:00:19]} 12. Qxd3 {[%clk 00:56:41]} {[%emt 00:00:12]} Bd6 {[%clk 00:58:59]}
{[%emt 00:00:16]} 13. Nbd2 {[%clk 00:56:15]} {[%emt 00:00:41]} Nge7 {[%clk
00:58:33]} {[%emt 00:00:41]} 14. Rg1 {[%clk 00:52:50]} {[%emt 00:03:36]} g6
{[%clk 00:58:01]} {[%emt 00:00:51]} 15. hxg6 {[%clk 00:52:19]} {[%emt
00:00:47]} fxg6 {[%clk 00:57:37]} {[%emt 00:00:39]} 16. Bg3 {[%clk 00:50:29]}
{[%emt 00:02:05]} Bxg3 {[%clk 00:55:44]} {[%emt 00:02:08]} 17. fxg3 {[%clk
00:50:36]} {[%emt 00:00:09]} O-O-O {[%clk 00:55:32]} {[%emt 00:00:26]} 18.
O-O-O {[%clk 00:50:33]} {[%emt 00:00:19]} Nb4 {[%clk 00:54:04]} {[%emt
00:01:43]} 19. Qb1 {[%clk 00:50:25]} {[%emt 00:00:18]} Nf5 {[%clk 00:53:37]}
{[%emt 00:00:46]} 20. a3 {[%clk 00:50:25]} {[%emt 00:00:16]} Nc6 {[%clk
00:50:37]} {[%emt 00:03:16]} 21. Rde1 {[%clk 00:49:43]} {[%emt 00:00:53]} Ncxd4
{[%clk 00:50:28]} {[%emt 00:00:27]} 22. Nxd4 {[%clk 00:48:30]} {[%emt
00:01:28]} Nxd4 {[%clk 00:50:32]} {[%emt 00:00:12]} 23. Qxg6 {[%clk 00:48:22]}
{[%emt 00:00:23]} Rdg8 {[%clk 00:49:58]} {[%emt 00:00:48]} 24. Qd3 {[%clk
00:48:16]} {[%emt 00:00:21]} Nc6 {[%clk 00:49:00]} {[%emt 00:01:15]} 25. g4
{[%clk 00:47:44]} {[%emt 00:00:47]} d4 {[%clk 00:48:49]} {[%emt 00:00:26]} 26.
Kb1 {[%clk 00:47:10]} {[%emt 00:00:48]} dxc3 {[%clk 00:48:49]} {[%emt
00:00:16]} 27. Qxc3 {[%clk 00:47:18]} {[%emt 00:00:06]} Qb6 {[%clk 00:48:21]}
{[%emt 00:00:43]} 28. Nc4 {[%clk 00:46:52]} {[%emt 00:00:37]} Qc7 {[%clk
00:46:28]} {[%emt 00:02:12]} 29. Rgf1 {[%clk 00:46:24]} {[%emt 00:00:42]} h5
{[%clk 00:46:04]} {[%emt 00:00:39]} 30. Rd1 {[%clk 00:46:14]} {[%emt 00:00:26]}
hxg4 {[%clk 00:45:52]} {[%emt 00:00:27]} 31. Rf7 {[%clk 00:46:17]} {[%emt
00:00:12]} gxh3 {[%clk 00:41:17]} {[%emt 00:04:49]} 32. Rxc7+ {[%clk 00:45:01]}
{[%emt 00:01:32]} Kxc7 {[%clk 00:41:08]} {[%emt 00:00:24]} 33. Qe3 {[%clk
00:44:36]} {[%emt 00:00:40]} h2 {[%clk 00:40:36]} {[%emt 00:00:48]} 34. Qf4+
{[%clk 00:43:58]} {[%emt 00:00:52]} Kc8 {[%clk 00:40:23]} {[%emt 00:00:29]} 35.
Nd6+ {[%clk 00:44:04]} {[%emt 00:00:08]} Kb8 {[%clk 00:39:45]} {[%emt
00:00:53]} 36. Nb5+ {[%clk 00:44:12]} {[%emt 00:00:07]} Ka8 {[%clk 00:39:34]}
{[%emt 00:00:27]} 37. Nc7+ {[%clk 00:44:21]} {[%emt 00:00:07]} Kb8 {[%clk
00:39:32]} {[%emt 00:00:17]} 38. Na6+ {[%clk 00:44:31]} {[%emt 00:00:06]} Ka8
{[%clk 00:39:38]} {[%emt 00:00:08]} 39. Qb8+ {[%clk 00:44:38]} {[%emt
00:00:08]} Nxb8 {[%clk 00:39:42]} {[%emt 00:00:12]} 40. Nc7# {[%clk 00:44:26]}
{[%emt 00:00:06]} 1-0

[Event "DEM U8 2024"]
[Site "Willingen GER"]
[Date "2024.05.24"]
[Round "5"]
[White "Simon, Benjamin"]
[Black "Besou, Jad"]
[Result "0-1"]
[Termination "normal"]
[Board "2"]
[WhiteElo "1305"]
[BlackElo "1679"]
[WhiteClock "00:37:14"]
[BlackClock "00:28:35"]
[PlyCount "46"]
[WhiteFideId "34652329"]
[BlackFideId "34631348"]
[EventCountry "GER"]
[EventRounds "7"]
[EventType "swiss"]
[EventDate "2024.05.21"]

1. e4 {[%clk 01:00:28]} e5 {[%clk 01:00:24]} {[%emt 00:00:07]} 2. Nf3 {[%clk
01:00:35]} {[%emt 00:00:08]} Nc6 {[%clk 01:00:35]} {[%emt 00:00:06]} 3. Nc3
{[%clk 01:00:35]} {[%emt 00:00:14]} Nf6 {[%clk 01:00:29]} {[%emt 00:00:21]} 4.
Bb5 {[%clk 01:00:33]} {[%emt 00:00:16]} Bd6 {[%clk 01:00:22]} {[%emt 00:00:22]}
5. O-O {[%clk 01:00:27]} {[%emt 00:00:21]} O-O {[%clk 01:00:20]} {[%emt
00:00:19]} 6. d3 {[%clk 01:00:24]} {[%emt 00:00:17]} h6 {[%clk 01:00:16]}
{[%emt 00:00:20]} 7. Qe2 {[%clk 00:59:19]} {[%emt 00:01:20]} a6 {[%clk
01:00:09]} {[%emt 00:00:23]} 8. Ba4 {[%clk 00:59:24]} {[%emt 00:00:09]} b5
{[%clk 00:59:42]} {[%emt 00:00:43]} 9. Bb3 {[%clk 00:59:23]} {[%emt 00:00:16]}
Na5 {[%clk 00:59:29]} {[%emt 00:00:27]} 10. Bd2 {[%clk 00:58:54]} {[%emt
00:00:42]} Nxb3 {[%clk 00:58:49]} {[%emt 00:00:56]} 11. axb3 {[%clk 00:58:49]}
{[%emt 00:00:20]} Bb7 {[%clk 00:58:33]} {[%emt 00:00:31]} 12. Rad1 {[%clk
00:54:23]} {[%emt 00:04:43]} c5 {[%clk 00:57:34]} {[%emt 00:01:14]} 13. Nh4
{[%clk 00:51:43]} {[%emt 00:02:53]} b4 {[%clk 00:54:21]} {[%emt 00:03:29]} 14.
Na4 {[%clk 00:51:00]} {[%emt 00:00:58]} Nxe4 {[%clk 00:45:06]} {[%emt
00:09:30]} 15. dxe4 {[%clk 00:50:47]} {[%emt 00:00:28]} Qxh4 {[%clk 00:43:09]}
{[%emt 00:02:12]} 16. Nb6 {[%clk 00:50:19]} {[%emt 00:00:44]} Rad8 {[%clk
00:42:13]} {[%emt 00:01:11]} 17. Nc4 {[%clk 00:50:04]} {[%emt 00:00:31]} Bc7
{[%clk 00:41:57]} {[%emt 00:00:30]} 18. Ne3 {[%clk 00:45:26]} {[%emt 00:04:53]}
Qxe4 {[%clk 00:41:40]} {[%emt 00:00:31]} 19. f3 {[%clk 00:45:13]} {[%emt
00:00:29]} Qg6 {[%clk 00:40:59]} {[%emt 00:00:56]} 20. Qc4 {[%clk 00:43:52]}
{[%emt 00:01:36]} d6 {[%clk 00:37:35]} {[%emt 00:03:39]} 21. Bxb4 {[%clk
00:43:18]} {[%emt 00:00:49]} d5 {[%clk 00:28:44]} {[%emt 00:09:05]} 22. Qxc5
{[%clk 00:40:42]} {[%emt 00:02:52]} Bb6 {[%clk 00:28:49]} {[%emt 00:00:10]} 23.
Qc3 {[%clk 00:37:14]} {[%emt 00:03:42]} d4 {[%clk 00:28:35]} {[%emt 00:00:29]}
0-1

[Event "DEM U8 2024"]
[Site "Willingen GER"]
[Date "2024.05.24"]
[Round "5"]
[White "Wachtel, Edwin"]
[Black "Mudriievskyi, Jan"]
[Result "0-1"]
[Termination "normal"]
[Board "3"]
[WhiteElo "1217"]
[BlackElo "1672"]
[WhiteClock "00:47:28"]
[BlackClock "00:54:41"]
[PlyCount "90"]
[WhiteFideId "533014183"]
[BlackFideId "34676473"]
[EventCountry "GER"]
[EventRounds "7"]
[EventType "swiss"]
[EventDate "2024.05.21"]

1. e4 {[%clk 01:00:25]} {[%emt 00:00:05]} c5 {[%clk 01:00:25]} {[%emt
00:00:05]} 2. d4 {[%clk 01:00:09]} {[%emt 00:00:31]} cxd4 {[%clk 01:00:29]}
{[%emt 00:00:11]} 3. Qxd4 {[%clk 01:00:13]} {[%emt 00:00:11]} Nc6 {[%clk
01:00:35]} {[%emt 00:00:11]} 4. Qd1 {[%clk 01:00:12]} {[%emt 00:00:14]} d6
{[%clk 01:00:42]} {[%emt 00:00:09]} 5. Nf3 {[%clk 00:59:36]} {[%emt 00:00:49]}
Nf6 {[%clk 01:00:49]} {[%emt 00:00:09]} 6. Nc3 {[%clk 00:59:41]} {[%emt
00:00:10]} g6 {[%clk 01:00:54]} {[%emt 00:00:11]} 7. Bb5 {[%clk 00:58:57]}
{[%emt 00:00:57]} Bg7 {[%clk 01:00:54]} {[%emt 00:00:18]} 8. O-O {[%clk
00:58:34]} {[%emt 00:00:35]} O-O {[%clk 01:01:04]} {[%emt 00:00:06]} 9. Be3
{[%clk 00:58:09]} {[%emt 00:00:40]} Be6 {[%clk 01:00:51]} {[%emt 00:00:28]} 10.
Nd2 {[%clk 00:57:42]} {[%emt 00:00:39]} Rc8 {[%clk 01:00:48]} {[%emt 00:00:21]}
11. Bxc6 {[%clk 00:57:10]} {[%emt 00:00:47]} Rxc6 {[%clk 01:00:33]} {[%emt
00:00:30]} 12. f4 {[%clk 00:57:00]} {[%emt 00:00:26]} a6 {[%clk 00:59:42]}
{[%emt 00:01:07]} 13. Rb1 {[%clk 00:54:57]} {[%emt 00:02:16]} Ng4 {[%clk
00:59:31]} {[%emt 00:00:27]} 14. Bf2 {[%clk 00:54:35]} {[%emt 00:00:36]} Nxf2
{[%clk 00:59:16]} {[%emt 00:00:30]} 15. Kxf2 {[%clk 00:54:26]} {[%emt
00:00:24]} Qb6+ {[%clk 00:58:28]} {[%emt 00:01:04]} 16. Ke1 {[%clk 00:54:02]}
{[%emt 00:00:37]} Bc4 {[%clk 00:57:20]} {[%emt 00:01:25]} 17. Nxc4 {[%clk
00:53:32]} {[%emt 00:00:44]} Rxc4 {[%clk 00:57:14]} {[%emt 00:00:22]} 18. Ne2
{[%clk 00:52:01]} {[%emt 00:01:44]} Rfc8 {[%clk 00:56:43]} {[%emt 00:00:46]}
19. c3 {[%clk 00:51:52]} {[%emt 00:00:23]} Rxe4 {[%clk 00:56:39]} {[%emt
00:00:21]} 20. f5 {[%clk 00:50:56]} {[%emt 00:01:10]} Rxc3 {[%clk 00:55:53]}
{[%emt 00:01:02]} 21. fxg6 {[%clk 00:49:53]} {[%emt 00:01:17]} Rxe2+ {[%clk
00:55:29]} {[%emt 00:00:41]} 22. Qxe2 {[%clk 00:49:23]} {[%emt 00:00:43]} Re3
{[%clk 00:55:31]} {[%emt 00:00:13]} 23. gxf7+ {[%clk 00:49:31]} {[%emt
00:00:08]} Kf8 {[%clk 00:55:29]} {[%emt 00:00:16]} 24. a3 {[%clk 00:47:46]}
{[%emt 00:02:00]} Rxe2+ {[%clk 00:55:21]} {[%emt 00:00:23]} 25. Kxe2 {[%clk
00:47:52]} {[%emt 00:00:09]} Bf6 {[%clk 00:55:25]} {[%emt 00:00:12]} 26. g4
{[%clk 00:47:46]} {[%emt 00:00:20]} Kxf7 {[%clk 00:54:49]} {[%emt 00:00:52]}
27. g5 {[%clk 00:47:37]} {[%emt 00:00:24]} Qb5+ {[%clk 00:54:57]} {[%emt
00:00:06]} 28. Ke1 {[%clk 00:47:33]} {[%emt 00:00:18]} Qxg5 {[%clk 00:54:57]}
{[%emt 00:00:15]} 29. b4 {[%clk 00:46:40]} {[%emt 00:01:09]} Ke8 {[%clk
00:54:44]} {[%emt 00:00:27]} 30. Rf2 {[%clk 00:46:25]} {[%emt 00:00:30]} Qg6
{[%clk 00:54:20]} {[%emt 00:00:40]} 31. Rfb2 {[%clk 00:46:25]} {[%emt
00:00:14]} Bxb2 {[%clk 00:54:22]} {[%emt 00:00:13]} 32. Rxb2 {[%clk 00:46:32]}
{[%emt 00:00:08]} Qg1+ {[%clk 00:54:13]} {[%emt 00:00:24]} 33. Kd2 {[%clk
00:46:41]} {[%emt 00:00:06]} Qxh2+ {[%clk 00:54:15]} {[%emt 00:00:13]} 34. Kc3
{[%clk 00:46:49]} {[%emt 00:00:08]} Qxb2+ {[%clk 00:54:09]} {[%emt 00:00:20]}
35. Kxb2 {[%clk 00:46:51]} {[%emt 00:00:12]} h5 {[%clk 00:54:19]} {[%emt
00:00:06]} 36. Kc2 {[%clk 00:46:59]} {[%emt 00:00:07]} h4 {[%clk 00:54:25]}
{[%emt 00:00:09]} 37. a4 {[%clk 00:46:55]} {[%emt 00:00:19]} h3 {[%clk
00:54:36]} {[%emt 00:00:04]} 38. b5 {[%clk 00:46:53]} {[%emt 00:00:17]} h2
{[%clk 00:54:35]} {[%emt 00:00:16]} 39. bxa6 {[%clk 00:47:01]} {[%emt
00:00:07]} bxa6 {[%clk 00:54:44]} {[%emt 00:00:06]} 40. Kb3 {[%clk 00:47:03]}
{[%emt 00:00:13]} h1=Q {[%clk 00:54:46]} {[%emt 00:00:13]} 41. Kb4 {[%emt
00:00:08]} Kd7 {[%clk 00:54:49]} {[%emt 00:00:11]} 42. Ka5 {[%clk 00:47:16]}
{[%emt 00:00:12]} Kc6 {[%clk 00:54:49]} {[%emt 00:00:13]} 43. Kxa6 {[%clk
00:47:20]} {[%emt 00:00:10]} Qd5 {[%clk 00:54:28]} {[%emt 00:00:36]} 44. a5
{[%clk 00:47:20]} {[%emt 00:00:14]} Qb5+ {[%clk 00:54:33]} {[%emt 00:00:10]}
45. Ka7 {[%clk 00:47:28]} {[%emt 00:00:08]} Qb7# {[%clk 00:54:41]} {[%emt
00:00:06]} 0-1

[Event "DEM U8 2024"]
[Site "Willingen GER"]
[Date "2024.05.24"]
[Round "5"]
[White "von Gehlen, Elian"]
[Black "White, William"]
[Result "1/2-1/2"]
[Termination "normal"]
[Board "4"]
[WhiteElo "1494"]
[BlackElo "1330"]
[WhiteClock "00:43:48"]
[BlackClock "00:46:50"]
[PlyCount "77"]
[WhiteFideId "34651560"]
[BlackFideId "34669469"]
[EventCountry "GER"]
[EventRounds "7"]
[EventType "swiss"]
[EventDate "2024.05.21"]

1. e4 {[%clk 01:00:29]} {[%emt 00:00:01]} e5 {[%clk 01:00:12]} {[%emt
00:00:20]} 2. Nc3 {[%clk 01:00:36]} {[%emt 00:00:05]} Nc6 {[%clk 01:00:11]}
{[%emt 00:00:17]} 3. Bc4 {[%clk 01:00:40]} {[%emt 00:00:11]} Nf6 {[%clk
01:00:06]} {[%emt 00:00:19]} 4. d3 {[%clk 01:00:40]} {[%emt 00:00:15]} Bc5
{[%clk 00:59:59]} {[%emt 00:00:23]} 5. f4 {[%clk 01:00:19]} {[%emt 00:00:35]}
d6 {[%clk 00:59:58]} {[%emt 00:00:16]} 6. Nf3 {[%clk 01:00:20]} {[%emt
00:00:13]} Bg4 {[%clk 00:59:32]} {[%emt 00:00:44]} 7. Na4 {[%clk 01:00:09]}
{[%emt 00:00:25]} Bb6 {[%clk 00:59:22]} {[%emt 00:00:24]} 8. Nxb6 {[%clk
01:00:00]} {[%emt 00:00:24]} axb6 {[%clk 00:59:07]} {[%emt 00:00:30]} 9. O-O
{[%clk 00:59:54]} {[%emt 00:00:22]} O-O {[%clk 00:58:36]} {[%emt 00:00:47]} 10.
Be3 {[%clk 00:59:41]} {[%emt 00:00:26]} Qe7 {[%clk 00:58:04]} {[%emt 00:00:48]}
11. fxe5 {[%clk 00:58:06]} {[%emt 00:01:50]} Nxe5 {[%clk 00:57:45]} {[%emt
00:00:34]} 12. Bb3 {[%clk 00:58:11]} {[%emt 00:00:08]} Nc6 {[%clk 00:56:53]}
{[%emt 00:01:08]} 13. h3 {[%clk 00:57:23]} {[%emt 00:01:02]} Bd7 {[%clk
00:56:57]} {[%emt 00:00:13]} 14. Bg5 {[%clk 00:56:56]} {[%emt 00:00:41]} h6
{[%clk 00:55:59]} {[%emt 00:01:12]} 15. Bh4 {[%clk 00:56:55]} {[%emt 00:00:14]}
Na5 {[%clk 00:55:10]} {[%emt 00:01:07]} 16. Re1 {[%clk 00:56:43]} {[%emt
00:00:25]} Nxb3 {[%clk 00:55:16]} {[%emt 00:00:10]} 17. axb3 {[%clk 00:56:44]}
{[%emt 00:00:14]} Qe6 {[%clk 00:54:41]} {[%emt 00:00:50]} 18. e5 {[%clk
00:56:41]} {[%emt 00:00:17]} dxe5 {[%clk 00:54:12]} {[%emt 00:00:45]} 19. Rxe5
{[%clk 00:56:45]} {[%emt 00:00:10]} Qd6 {[%clk 00:53:44]} {[%emt 00:00:44]} 20.
Qf1 {[%clk 00:54:15]} {[%emt 00:02:38]} Kh8 {[%clk 00:53:30]} {[%emt 00:00:35]}
21. Rae1 {[%clk 00:54:13]} {[%emt 00:00:15]} Ra2 {[%clk 00:53:09]} {[%emt
00:00:38]} 22. Bxf6 {[%clk 00:52:58]} {[%emt 00:01:30]} Qxf6 {[%clk 00:53:15]}
{[%emt 00:00:09]} 23. Re7 {[%clk 00:52:51]} {[%emt 00:00:21]} Qc6 {[%clk
00:53:07]} {[%emt 00:00:24]} 24. Nd4 {[%clk 00:52:26]} {[%emt 00:00:39]} Qd6
{[%clk 00:52:46]} {[%emt 00:00:38]} 25. Nf3 {[%clk 00:51:25]} {[%emt 00:01:16]}
f6 {[%clk 00:51:28]} {[%emt 00:01:33]} 26. Ne5 {[%clk 00:49:15]} {[%emt
00:02:24]} Kg8 {[%clk 00:49:50]} {[%emt 00:01:53]} 27. Nxd7 {[%clk 00:48:53]}
{[%emt 00:00:37]} Rd8 {[%clk 00:49:35]} {[%emt 00:00:31]} 28. Qf5 {[%clk
00:46:26]} {[%emt 00:02:36]} Ra5 {[%clk 00:48:53]} {[%emt 00:01:04]} 29. Nxf6+
{[%clk 00:46:13]} {[%emt 00:00:27]} Qxf6 {[%clk 00:48:52]} {[%emt 00:00:17]}
30. Qxf6 {[%clk 00:45:59]} {[%emt 00:00:29]} gxf6 {[%clk 00:49:00]} {[%emt
00:00:07]} 31. Rxc7 {[%clk 00:46:03]} {[%emt 00:00:11]} Rc5 {[%clk 00:48:16]}
{[%emt 00:00:59]} 32. Rxb7 {[%clk 00:46:01]} {[%emt 00:00:17]} Rxc2 {[%clk
00:48:23]} {[%emt 00:00:08]} 33. Rxb6 {[%clk 00:45:07]} {[%emt 00:01:09]} Rxd3
{[%clk 00:48:04]} {[%emt 00:00:34]} 34. Rxf6 {[%clk 00:44:54]} {[%emt
00:00:28]} Rxb3 {[%clk 00:47:17]} {[%emt 00:01:03]} 35. Rxh6 {[%clk 00:44:53]}
{[%emt 00:00:16]} Rg3 {[%clk 00:46:40]} {[%emt 00:00:51]} 36. Rh4 {[%clk
00:43:35]} {[%emt 00:01:31]} Rgxg2+ {[%clk 00:46:36]} {[%emt 00:00:21]} 37. Kh1
{[%clk 00:43:41]} {[%emt 00:00:08]} Rh2+ {[%clk 00:46:44]} {[%emt 00:00:08]}
38. Kg1 {[%clk 00:43:40]} {[%emt 00:00:17]} Rhg2+ {[%clk 00:46:50]} {[%emt
00:00:10]} 39. Kh1 {[%clk 00:43:48]} {[%emt 00:00:05]} 1/2-1/2

[Event "DEM U8 2024"]
[Site "Willingen GER"]
[Date "2024.05.24"]
[Round "5"]
[White "Siegel, Vitus"]
[Black "Merle, Atreyu Lukas"]
[Result "1-0"]
[Termination "normal"]
[Board "6"]
[WhiteElo "1345"]
[BlackElo "1191"]
[WhiteClock "00:50:39"]
[BlackClock "00:44:44"]
[PlyCount "93"]
[WhiteFideId "34694102"]
[BlackFideId "34670033"]
[EventCountry "GER"]
[EventRounds "7"]
[EventType "swiss"]
[EventDate "2024.05.21"]

1. e4 {[%emt 00:00:11]} e5 {[%clk 01:00:22]} 2. Nf3 {[%clk 01:00:25]} {[%emt
00:00:16]} Nc6 {[%clk 01:00:29]} {[%emt 00:00:09]} 3. d4 {[%clk 01:00:14]}
{[%emt 00:00:26]} exd4 {[%clk 01:00:31]} {[%emt 00:00:13]} 4. Nxd4 {[%clk
00:58:17]} {[%emt 00:02:11]} Nf6 {[%clk 01:00:31]} {[%emt 00:00:16]} 5. Nxc6
{[%clk 00:57:56]} {[%emt 00:00:37]} bxc6 {[%clk 01:00:04]} {[%emt 00:00:42]} 6.
e5 {[%clk 00:57:53]} {[%emt 00:00:17]} Nd5 {[%clk 00:59:53]} {[%emt 00:00:26]}
7. Bc4 {[%clk 00:57:35]} {[%emt 00:00:33]} Nb6 {[%clk 00:59:19]} {[%emt
00:00:49]} 8. Bb3 {[%clk 00:57:31]} {[%emt 00:00:19]} Bc5 {[%clk 00:58:59]}
{[%emt 00:00:35]} 9. O-O {[%clk 00:56:34]} {[%emt 00:00:21]} O-O {[%clk
00:58:36]} {[%emt 00:01:28]} 10. Be3 {[%clk 00:55:37]} {[%emt 00:01:13]} Bxe3
{[%clk 00:58:19]} {[%emt 00:00:32]} 11. fxe3 {[%clk 00:55:46]} {[%emt
00:00:05]} Bb7 {[%clk 00:57:58]} {[%emt 00:00:37]} 12. Qh5 {[%clk 00:55:12]}
{[%emt 00:00:47]} Qe7 {[%clk 00:57:29]} {[%emt 00:00:46]} 13. Nd2 {[%clk
00:54:43]} {[%emt 00:00:43]} d5 {[%clk 00:56:48]} {[%emt 00:00:56]} 14. Nf3
{[%clk 00:53:46]} {[%emt 00:01:11]} c5 {[%clk 00:56:17]} {[%emt 00:00:48]} 15.
c3 {[%clk 00:53:02]} {[%emt 00:00:59]} c4 {[%clk 00:52:06]} {[%emt 00:04:26]}
16. Bc2 {[%clk 00:52:28]} {[%emt 00:00:49]} g6 {[%clk 00:51:36]} {[%emt
00:00:47]} 17. Qh6 {[%clk 00:52:31]} {[%emt 00:00:11]} Nd7 {[%clk 00:50:23]}
{[%emt 00:01:28]} 18. Ng5 {[%clk 00:52:02]} {[%emt 00:00:41]} Qxg5 {[%clk
00:47:12]} {[%emt 00:03:29]} 19. Qxg5 {[%clk 00:51:57]} {[%emt 00:00:20]} Rfe8
{[%clk 00:46:51]} {[%emt 00:00:36]} 20. Ba4 {[%clk 00:51:48]} {[%emt 00:00:24]}
Rxe5 {[%clk 00:46:44]} {[%emt 00:00:22]} 21. Qf4 {[%clk 00:51:52]} {[%emt
00:00:10]} Rf5 {[%clk 00:46:16]} {[%emt 00:00:43]} 22. Qxc7 {[%clk 00:51:51]}
{[%emt 00:00:13]} Nb6 {[%clk 00:45:37]} {[%emt 00:00:57]} 23. Rxf5 {[%clk
00:51:43]} {[%emt 00:00:23]} gxf5 {[%clk 00:45:43]} {[%emt 00:00:09]} 24. Qxb7
{[%clk 00:51:42]} {[%emt 00:00:15]} Kg7 {[%clk 00:45:20]} {[%emt 00:00:39]} 25.
Bc6 {[%clk 00:51:27]} {[%emt 00:00:29]} Rf8 {[%clk 00:45:09]} {[%emt 00:00:27]}
26. Qxa7 {[%clk 00:51:25]} {[%emt 00:00:17]} Nc8 {[%clk 00:45:07]} {[%emt
00:00:17]} 27. Qd4+ {[%clk 00:51:22]} {[%emt 00:00:18]} f6 {[%clk 00:44:38]}
{[%emt 00:00:44]} 28. Bxd5 {[%clk 00:51:15]} {[%emt 00:00:22]} Rd8 {[%clk
00:44:36]} {[%emt 00:00:16]} 29. a4 {[%clk 00:51:01]} {[%emt 00:00:29]} Ne7
{[%clk 00:44:38]} {[%emt 00:00:14]} 30. Bxc4 {[%clk 00:50:58]} {[%emt
00:00:16]} Rxd4 {[%clk 00:44:39]} {[%emt 00:00:16]} 31. cxd4 {[%clk 00:50:53]}
{[%emt 00:00:20]} Nc6 {[%clk 00:44:22]} {[%emt 00:00:32]} 32. a5 {[%clk
00:50:58]} {[%emt 00:00:11]} Na7 {[%clk 00:44:28]} {[%emt 00:00:08]} 33. b4
{[%clk 00:50:56]} {[%emt 00:00:18]} Nc6 {[%clk 00:44:30]} {[%emt 00:00:13]} 34.
b5 {[%clk 00:51:00]} {[%emt 00:00:10]} Na7 {[%clk 00:44:37]} {[%emt 00:00:07]}
35. b6 {[%clk 00:50:44]} {[%emt 00:00:32]} Nc6 {[%clk 00:44:43]} {[%emt
00:00:09]} 36. b7 {[%clk 00:50:48]} {[%emt 00:00:10]} f4 {[%clk 00:44:51]}
{[%emt 00:00:08]} 37. e4 {[%clk 00:50:48]} {[%emt 00:00:14]} f3 {[%clk
00:44:58]} {[%emt 00:00:09]} 38. d5 {[%clk 00:50:52]} {[%emt 00:00:11]} f2+
{[%clk 00:45:03]} {[%emt 00:00:10]} 39. Kxf2 {[%clk 00:50:52]} {[%emt
00:00:14]} Nb8 {[%clk 00:45:08]} {[%emt 00:00:11]} 40. a6 {[%clk 00:50:58]}
{[%emt 00:00:09]} f5 {[%clk 00:44:49]} {[%emt 00:00:34]} 41. e5 {[%clk
00:50:59]} {[%emt 00:00:13]} f4 {[%clk 00:44:30]} {[%emt 00:00:35]} 42. a7
{[%clk 00:50:55]} {[%emt 00:00:19]} f3 {[%clk 00:44:37]} {[%emt 00:00:08]} 43.
a8=Q {[%clk 00:50:51]} {[%emt 00:00:19]} fxg2 {[%clk 00:44:40]} {[%emt
00:00:12]} 44. Qxb8 {[%clk 00:50:40]} {[%emt 00:00:26]} g1=Q+ {[%clk 00:44:37]}
{[%emt 00:00:19]} 45. Rxg1+ {[%clk 00:50:43]} {[%emt 00:00:10]} Kh6 {[%clk
00:44:36]} {[%emt 00:00:17]} 46. Qg8 {[%clk 00:50:39]} {[%emt 00:00:17]} Kh5
{[%clk 00:44:44]} {[%emt 00:00:08]} 47. Qg5# {[%clk 00:50:39]} {[%emt
00:00:14]} 1-0